[Event "Battle of Alberta"]
[Site "Red Deer CAN"]
[Date "2009.09.26"]
[Round "1.10"]
[White "Pedersen, Rick"]
[Black "Robichaud, Martin"]
[Result "1/2-1/2"]
[WhiteElo "2103"]
[BlackElo "2170"]
[PlyCount "76"]
[GameId "2160767910096641"]
[EventDate "2009.09.26"]
[EventType "team"]
[EventRounds "2"]
[EventCountry "CAN"]
[SourceTitle "EXT 2011"]
[Source "ChessBase"]
[SourceDate "2011.11.26"]
[SourceVersion "1"]
[SourceVersionDate "2011.11.26"]
[SourceQuality "1"]

1. e4 e5 2. Nf3 Nc6 3. Bb5 a6 4. Ba4 f5 5. d3 fxe4 6. dxe4 d6 7. Nc3 Nf6 8. h3 b5 9. Bb3 Na5 10. Qe2 Nxb3 11. axb3 Bb7 12. Bg5 Be7 13. Rd1 Qc8 14. O-O O-O 15. Nh2 Qe8 16. Bxf6 Bxf6 17. Ng4 Bd8 18. Ne3 Bc8 19. Qd3 Rb8 20. Ne2 h5 21. f4 exf4 22. Nxf4 Bb7 23. Ned5 c6 24. Ne3 Bg5 25. g3 Bxf4 26. gxf4 Qg6+ 27. Kh2 c5 28. Nd5 Rbe8 29. f5 Qh6 30. Rg1 Re5 31. Rg6 Qh7 32. Rdg1 Bxd5 33. f6 Rxf6 34. Rxf6 Qxe4 35. Qxe4 Bxe4 36. c3 Rd5 37. Rf2 Rd3 38. Rg3 Rd1 1/2-1/2

[Event "Battle of Alberta"]
[Site "Red Deer CAN"]
[Date "2009.09.26"]
[Round "1.11"]
[White "Vasilev, Stephan"]
[Black "Willis, Bradley"]
[Result "1-0"]
[WhiteElo "2145"]
[BlackElo "2060"]
[PlyCount "71"]
[GameId "2160767910096642"]
[EventDate "2009.09.26"]
[EventType "team"]
[EventRounds "2"]
[EventCountry "CAN"]
[SourceTitle "EXT 2011"]
[Source "ChessBase"]
[SourceDate "2011.11.26"]
[SourceVersion "1"]
[SourceVersionDate "2011.11.26"]
[SourceQuality "1"]

1. e4 e6 2. d4 d5 3. e5 c5 4. dxc5 Nc6 5. Nf3 Bxc5 6. Bd3 Nge7 7. O-O Qc7 8. Re1 Bd7 9. c3 a6 10. a4 Rc8 11. b4 Ba7 12. b5 axb5 13. axb5 Na5 14. Ba3 Qb6 15. Ra2 Nc4 16. Bxc4 Rxc4 17. Nbd2 Qxf2+ 18. Kh1 Rxc3 19. Qa1 Rxa3 20. Rxa3 Bb8 21. Rae3 Bxb5 22. Qa8 O-O 23. Qxb7 Nf5 24. Qxb5 Nxe3 25. Re2 Qxe2 26. Qxe2 Nf5 27. Qa6 h6 28. Nb3 g5 29. g4 Ne3 30. h3 Nc4 31. Nc5 Bc7 32. Nd7 Rd8 33. Qc6 Ba5 34. Nd4 Kg7 35. Nxe6+ fxe6 36. Qxe6 1-0

[Event "Battle of Alberta"]
[Site "Red Deer CAN"]
[Date "2009.09.26"]
[Round "1.12"]
[White "Sequillion, Aaron"]
[Black "Yam, Alex"]
[Result "0-1"]
[WhiteElo "2038"]
[BlackElo "2132"]
[PlyCount "76"]
[GameId "2160767910096643"]
[EventDate "2009.09.26"]
[EventType "team"]
[EventRounds "2"]
[EventCountry "CAN"]
[SourceTitle "EXT 2011"]
[Source "ChessBase"]
[SourceDate "2011.11.26"]
[SourceVersion "1"]
[SourceVersionDate "2011.11.26"]
[SourceQuality "1"]

1. e4 d5 2. exd5 Qxd5 3. Nc3 Qd6 4. d4 Nf6 5. Nf3 a6 6. g3 b5 7. Bg2 Bb7 8. O-O e6 9. Bf4 Qb6 10. Re1 Bb4 11. Qd3 O-O 12. a3 Bd6 13. b4 Bxf4 14. gxf4 Nc6 15. Rad1 Rfd8 16. Ne2 a5 17. c3 axb4 18. axb4 Ra3 19. Qc2 Ne7 20. Qb2 Rda8 21. Ra1 Qa7 22. Rxa3 Qxa3 23. Qd2 Ne4 24. Qd3 Qa6 25. Ne5 Nd6 26. Ng3 Bxg2 27. Kxg2 Qb7+ 28. Kg1 Ra3 29. Qe2 Nd5 30. Nxf7 Nxf4 31. Nh6+ Kf8 32. Qf1 gxh6 33. Ne2 Qf3 34. Nxf4 Qxf4 35. Qh3 Nf5 36. Qd3 Ra2 37. Re2 Ra1+ 38. Kg2 Qg4+ 0-1

[Event "Battle of Alberta"]
[Site "Red Deer CAN"]
[Date "2009.09.26"]
[Round "2.2"]
[White "Kaminski, Victor"]
[Black "Pechenkin, Vladimir"]
[Result "0-1"]
[WhiteElo "2328"]
[BlackElo "2376"]
[PlyCount "60"]
[GameId "2160767910096645"]
[EventDate "2009.09.26"]
[EventType "team"]
[EventRounds "2"]
[EventCountry "CAN"]
[SourceTitle "EXT 2011"]
[Source "ChessBase"]
[SourceDate "2011.11.26"]
[SourceVersion "1"]
[SourceVersionDate "2011.11.26"]
[SourceQuality "1"]

1. c4 f5 2. d4 Nf6 3. g3 e6 4. Bg2 d5 5. Nd2 c6 6. Nh3 Bd6 7. O-O O-O 8. Qc2 b6 9. Nf3 Ne4 10. Bf4 Bb7 11. Rad1 Be7 12. Bxb8 Rxb8 13. cxd5 exd5 14. Ne5 Qd6 15. f3 Ng5 16. Nxg5 Bxg5 17. f4 Be7 18. Bh3 Qe6 19. g4 Qh6 20. Rf3 Rbe8 21. gxf5 c5 22. e3 Qd6 23. Bg4 Bf6 24. Qg2 Rc8 25. Rh3 cxd4 26. exd4 Rc7 27. Bh5 Rfc8 28. Qg4 Kf8 29. Bg6 hxg6 30. Qxg6 Bxe5 0-1

[Event "Battle of Alberta"]
[Site "Red Deer CAN"]
[Date "2009.09.26"]
[Round "2.3"]
[White "Gardner, Robert"]
[Black "Huber, Gregory"]
[Result "1-0"]
[WhiteElo "2244"]
[BlackElo "2306"]
[PlyCount "85"]
[GameId "2160767910096646"]
[EventDate "2009.09.26"]
[EventType "team"]
[EventRounds "2"]
[EventCountry "CAN"]
[SourceTitle "EXT 2011"]
[Source "ChessBase"]
[SourceDate "2011.11.26"]
[SourceVersion "1"]
[SourceVersionDate "2011.11.26"]
[SourceQuality "1"]

1. d4 Nf6 2. c4 e6 3. Nc3 d5 4. cxd5 exd5 5. Bg5 Be7 6. e3 c6 7. Bd3 Nbd7 8. Qc2 O-O 9. Nf3 Re8 10. O-O Nf8 11. h3 Ne4 12. Bf4 Nxc3 13. bxc3 Bd6 14. Bxd6 Qxd6 15. Rae1 h6 16. Ne5 f6 17. Ng6 Be6 18. f4 Nxg6 19. Bxg6 Bf7 20. Bd3 c5 21. Rf3 Rac8 22. Qf2 cxd4 23. cxd4 Rc3 24. Bf5 g6 25. Qh4 Kh7 26. Bb1 Rec8 27. Rff1 Kg7 28. g4 Qe7 29. Qg3 Qa3 30. g5 Rc1 31. gxf6+ Kh7 32. h4 Rxe1 33. Rxe1 Qd6 34. h5 Qxf6 35. Kh2 Rc6 36. Rg1 Rb6 37. Bc2 Rc6 38. Rg2 b5 39. Qh3 Qe7 40. Bd3 a6 41. hxg6+ Bxg6 42. f5 Qe5+ 43. Rg3 1-0

[Event "Battle of Alberta"]
[Site "Red Deer CAN"]
[Date "2009.09.26"]
[Round "2.4"]
[White "Haessel, Dale"]
[Black "Hughey, Micah"]
[Result "1-0"]
[WhiteElo "2276"]
[BlackElo "2216"]
[PlyCount "53"]
[GameId "2160767910096647"]
[EventDate "2009.09.26"]
[EventType "team"]
[EventRounds "2"]
[EventCountry "CAN"]
[SourceTitle "EXT 2011"]
[Source "ChessBase"]
[SourceDate "2011.11.26"]
[SourceVersion "1"]
[SourceVersionDate "2011.11.26"]
[SourceQuality "1"]

1. d4 d5 2. Nf3 c5 3. g3 Nc6 4. Bg2 Nf6 5. O-O e6 6. b3 Be7 7. Bb2 O-O 8. Nbd2 a6 9. c4 b5 10. cxd5 Nxd4 11. Nxd4 cxd4 12. d6 Ra7 13. dxe7 Qxe7 14. Bxd4 Rd7 15. Nf3 Bb7 16. Bxf6 gxf6 17. Qc2 Rc8 18. Qb2 Rdc7 19. Rac1 Bc6 20. Rfd1 e5 21. Qd2 Qf8 22. Bh3 Re8 23. Qd6 Qxd6 24. Rxd6 Bxf3 25. Rxc7 Bxe2 26. Rc8 Rxc8 27. Bxc8 1-0

[Event "Battle of Alberta"]
[Site "Red Deer CAN"]
[Date "2009.09.29"]
[Round "2.5"]
[White "Rekhson, Vladislav"]
[Black "Kazmaier, Daniel"]
[Result "1-0"]
[WhiteElo "2167"]
[BlackElo "2276"]
[PlyCount "99"]
[GameId "2160767910096648"]
[EventDate "2009.09.26"]
[EventType "team"]
[EventRounds "2"]
[EventCountry "CAN"]
[SourceTitle "EXT 2011"]
[Source "ChessBase"]
[SourceDate "2011.11.26"]
[SourceVersion "1"]
[SourceVersionDate "2011.11.26"]
[SourceQuality "1"]

1. e4 e6 2. d4 d5 3. exd5 Qxd5 4. Nf3 Nf6 5. Bd3 c5 6. O-O Nc6 7. Nc3 Qd8 8. dxc5 Bxc5 9. Bg5 h6 10. Bh4 O-O 11. Qe2 Be7 12. a3 Nd5 13. Nxd5 Qxd5 14. Bxe7 Nxe7 15. Rad1 Qh5 16. c4 Rb8 17. Ne5 Qxe2 18. Bxe2 f6 19. Nd7 Bxd7 20. Rxd7 Nc6 21. Rfd1 Rfd8 22. Rxd8+ Rxd8 23. Rxd8+ Nxd8 24. f4 b6 25. Bf3 Nf7 26. b4 Nd6 27. Be2 Kf7 28. Kf2 Ke7 29. Ke3 g5 30. fxg5 hxg5 31. Bd3 e5 32. c5 bxc5 33. bxc5 Nb7 34. c6 Na5 35. c7 Kd7 36. Ke4 Kxc7 37. Kf5 Nb3 38. Kxf6 Nc5 39. Be2 Kd6 40. Kxg5 Ne6+ 41. Kf6 e4 42. g4 Nf4 43. Ba6 e3 44. g5 e2 45. Bxe2 Nxe2 46. g6 Nf4 47. g7 Nd5+ 48. Kf7 Ne7 49. h4 a5 50. h5 1-0

[Event "Battle of Alberta"]
[Site "Red Deer CAN"]
[Date "2009.09.26"]
[Round "2.6"]
[White "Moloney, Nicholas"]
[Black "Grumic, Sasha"]
[Result "1/2-1/2"]
[WhiteElo "2262"]
[BlackElo "2143"]
[PlyCount "115"]
[GameId "2160767910096649"]
[EventDate "2009.09.26"]
[EventType "team"]
[EventRounds "2"]
[EventCountry "CAN"]
[SourceTitle "EXT 2011"]
[Source "ChessBase"]
[SourceDate "2011.11.26"]
[SourceVersion "1"]
[SourceVersionDate "2011.11.26"]
[SourceQuality "1"]

1. d4 Nf6 2. Bg5 d5 3. Bxf6 gxf6 4. e3 c6 5. g3 Qb6 6. b3 e6 7. Bg2 a5 8. c3 Nd7 9. Ne2 h5 10. h4 f5 11. Nf4 Nf6 12. Nd2 Bd6 13. c4 Bxf4 14. gxf4 Rg8 15. Bf3 Ng4 16. Qc2 Bd7 17. Rc1 Rc8 18. cxd5 exd5 19. Bxg4 hxg4 20. Nf1 Qb4+ 21. Qc3 Kf8 22. Ng3 Kg7 23. Kd2 b6 24. a4 Qe7 25. Qd3 Qe6 26. Rc3 f6 27. Rhc1 Rgd8 28. Qa6 Rb8 29. Qa7 Kh6 30. Rxc6 Bxc6 31. Rxc6 Rd7 32. Rxe6 Rxa7 33. Nxf5+ Kg6 34. Nd6 Rh8 35. f5+ Kg7 36. Ne8+ Kf7 37. Nxf6 Rh6 38. Nxd5 Rxe6 39. fxe6+ Kxe6 40. Nxb6 Rb7 41. Nc4 Rxb3 42. e4 Rf3 43. d5+ Ke7 44. Ke2 Kf8 45. e5 Kf7 46. Nxa5 Rf4 47. Ke3 Rxa4 48. Nc6 Rc4 49. h5 Rc5 50. Ke4 Rc2 51. e6+ Kf6 52. e7 Rxf2 53. Ke3 Rf3+ 54. Ke4 Rf1 55. Ke3 g3 56. e8=Q Re1+ 57. Kf3 Rxe8 58. Kxg3 1/2-1/2

[Event "Battle of Alberta"]
[Site "Red Deer CAN"]
[Date "2009.09.26"]
[Round "2.7"]
[White "Kazakevich, Anastasia"]
[Black "Neven, Knut"]
[Result "0-1"]
[WhiteElo "2142"]
[BlackElo "2254"]
[PlyCount "88"]
[GameId "2160767910096650"]
[EventDate "2009.09.26"]
[EventType "team"]
[EventRounds "2"]
[EventCountry "CAN"]
[SourceTitle "EXT 2011"]
[Source "ChessBase"]
[SourceDate "2011.11.26"]
[SourceVersion "1"]
[SourceVersionDate "2011.11.26"]
[SourceQuality "1"]

1. d4 Nf6 2. c4 g6 3. Nc3 d5 4. cxd5 Nxd5 5. e4 Nxc3 6. bxc3 Bg7 7. Bc4 c5 8. Be3 O-O 9. Ne2 Nc6 10. O-O Bd7 11. Qd2 Qc7 12. Bh6 Rad8 13. Bxg7 Kxg7 14. Rad1 Na5 15. Bd3 Ba4 16. Rc1 e5 17. d5 c4 18. Bc2 Bxc2 19. Qxc2 b6 20. f4 f6 21. fxe5 fxe5 22. Ng3 Nb7 23. Qd2 Qe7 24. Qe3 Nc5 25. Rxf8 Rxf8 26. Rf1 Nd3 27. Rxf8 Qxf8 28. h3 h6 29. h4 Qf4 30. Qxf4 exf4 31. Nf1 Kf6 32. Nd2 Ke5 33. Nxc4+ Kxe4 34. d6 Nc5 35. Na3 Ke5 36. Nb5 a6 37. Na3 b5 38. c4 b4 39. Nc2 a5 40. Kf2 Kxd6 41. Nd4 a4 42. Kf3 b3 43. axb3 axb3 44. Kxf4 Ne6+ 0-1

[Event "Battle of Alberta"]
[Site "Red Deer CAN"]
[Date "2009.09.26"]
[Round "2.9"]
[White "Kalisvaart, Peter"]
[Black "Yearwood, Roy"]
[Result "0-1"]
[WhiteElo "2117"]
[BlackElo "2177"]
[PlyCount "40"]
[GameId "2160767910096652"]
[EventDate "2009.09.26"]
[EventType "team"]
[EventRounds "2"]
[EventCountry "CAN"]
[SourceTitle "EXT 2011"]
[Source "ChessBase"]
[SourceDate "2011.11.26"]
[SourceVersion "1"]
[SourceVersionDate "2011.11.26"]
[SourceQuality "1"]

1. Nf3 Nf6 2. d4 d5 3. c4 c6 4. Nc3 a6 5. c5 Nbd7 6. Bf4 Nh5 7. e3 g6 8. Be2 f6 9. h4 b6 10. b4 Nxf4 11. exf4 e5 12. h5 bxc5 13. dxc5 g5 14. fxg5 fxg5 15. Nxd5 cxd5 16. Qxd5 Ra7 17. O-O Qf6 18. Rad1 Rc7 19. Nd2 Bb7 20. Ne4 Bxd5 0-1

[Event "Battle of Alberta"]
[Site "Red Deer CAN"]
[Date "2009.09.26"]
[Round "2.10"]
[White "Robichaud, Martin"]
[Black "Pedersen, Rick"]
[Result "0-1"]
[WhiteElo "2170"]
[BlackElo "2103"]
[PlyCount "58"]
[GameId "2160767910096653"]
[EventDate "2009.09.26"]
[EventType "team"]
[EventRounds "2"]
[EventCountry "CAN"]
[SourceTitle "EXT 2011"]
[Source "ChessBase"]
[SourceDate "2011.11.26"]
[SourceVersion "1"]
[SourceVersionDate "2011.11.26"]
[SourceQuality "1"]

1. e4 d6 2. d4 Nf6 3. Nc3 g6 4. Be2 Bg7 5. h4 c5 6. Be3 cxd4 7. Bxd4 Nc6 8. Nf3 Qa5 9. h5 Nxd4 10. Qxd4 Nxh5 11. Bb5+ Kf8 12. e5 a6 13. b4 dxe5 14. Qc5 Qa3 15. Nd5 Bf6 16. Bd3 Kg7 17. O-O Bg4 18. Nb6 Rad8 19. Nxe5 Be6 20. f4 Qb2 21. c3 Nxf4 22. Rxf4 Qxa1+ 23. Rf1 Qxa2 24. Nbc4 Rxd3 25. Rxf6 exf6 26. Qe7 Rd1+ 27. Kh2 fxe5 28. Nd6 Rxd6 29. Qxd6 Qd5 0-1

[Event "Battle of Alberta"]
[Site "Red Deer CAN"]
[Date "2009.09.26"]
[Round "2.11"]
[White "Willis, Bradley"]
[Black "Vasilev, Stephan"]
[Result "0-1"]
[WhiteElo "2060"]
[BlackElo "2145"]
[PlyCount "64"]
[GameId "2160767910096654"]
[EventDate "2009.09.26"]
[EventType "team"]
[EventRounds "2"]
[EventCountry "CAN"]
[SourceTitle "EXT 2011"]
[Source "ChessBase"]
[SourceDate "2011.11.26"]
[SourceVersion "1"]
[SourceVersionDate "2011.11.26"]
[SourceQuality "1"]

1. d4 Nf6 2. Nf3 g6 3. Nc3 Bg7 4. e4 d6 5. h3 O-O 6. Be3 c6 7. a4 Nbd7 8. Be2 e5 9. dxe5 dxe5 10. Qd2 Qe7 11. Bh6 Bxh6 12. Qxh6 Qb4 13. O-O-O b5 14. axb5 cxb5 15. Ng5 Re8 16. Bg4 Nf8 17. Nd5 Nxd5 18. Rxd5 Qe7 19. Rhd1 f6 20. Bxc8 Raxc8 21. Nf3 b4 22. Qe3 Kh8 23. Qb3 Rc7 24. Rd6 a5 25. Qa4 Rec8 26. Kb1 Rxc2 27. Qxc2 Rxc2 28. Kxc2 a4 29. R1d3 Ne6 30. Ra6 Nc5 31. Ra8+ Kg7 32. Rdd8 Nxe4 0-1

[Event "Battle of Alberta"]
[Site "Red Deer CAN"]
[Date "2009.09.26"]
[Round "2.12"]
[White "Yam, Alex"]
[Black "Sequillion, Aaron"]
[Result "1-0"]
[WhiteElo "2132"]
[BlackElo "2038"]
[PlyCount "43"]
[GameId "2160767910096655"]
[EventDate "2009.09.26"]
[EventType "team"]
[EventRounds "2"]
[EventCountry "CAN"]
[SourceTitle "EXT 2011"]
[Source "ChessBase"]
[SourceDate "2011.11.26"]
[SourceVersion "1"]
[SourceVersionDate "2011.11.26"]
[SourceQuality "1"]

1. e4 e5 2. Nc3 Nf6 3. f4 d5 4. fxe5 Nxe4 5. d3 Qh4+ 6. g3 Nxg3 7. Nf3 Qh5 8. Nxd5 Nxh1 9. Nxc7+ Kd8 10. Nxa8 Bg4 11. Bg2 Bxf3 12. Qxf3 Qxe5+ 13. Qe4 Qxe4+ 14. Bxe4 Bc5 15. Bxh1 Re8+ 16. Kf1 Kc8 17. Bf4 Na6 18. b4 Nxb4 19. Nc7 Re7 20. Nd5 Re6 21. Nxb4 Bxb4 22. Rb1 1-0

[Event "British Columbia ch"]
[Site "Vancouver CAN"]
[Date "2009.10.09"]
[Round "1"]
[White "Jiganchine, Roman"]
[Black "Yoos, John"]
[Result "0-1"]
[WhiteElo "2251"]
[BlackElo "2438"]
[PlyCount "66"]
[GameId "2160767910096477"]
[EventDate "2009.10.09"]
[EventType "tourn"]
[EventRounds "7"]
[EventCountry "CAN"]
[SourceTitle "EXT 2011"]
[Source "ChessBase"]
[SourceDate "2011.11.26"]
[SourceVersion "1"]
[SourceVersionDate "2011.11.26"]
[SourceQuality "1"]

1. e4 c5 2. Nf3 d6 3. d4 Nf6 4. Nc3 cxd4 5. Nxd4 Nc6 6. Bg5 a6 7. Qd2 Qb6 8. Nb3 e6 9. O-O-O Qc7 10. f3 Rb8 11. Kb1 b5 12. h4 Ne5 13. Bd3 Be7 14. Qf2 Bd7 15. g4 b4 16. Ne2 a5 17. Nbc1 O-O 18. Be3 Nc4 19. Bxc4 Qxc4 20. h5 Rfc8 21. Rd2 Be8 22. Nf4 Nd7 23. Nfd3 Qb5 24. f4 Nf6 25. Qh4 Bc6 26. Rg1 Bxe4 27. Qh2 a4 28. Nf2 b3 29. axb3 axb3 30. Nxe4 Nxe4 31. Nxb3 Nxd2+ 32. Qxd2 Ra8 33. g5 Qa6 0-1

[Event "British Columbia ch"]
[Site "Vancouver CAN"]
[Date "2009.10.09"]
[Round "1.2"]
[White "Sohal, Tanraj"]
[Black "Davies, Lucas"]
[Result "1/2-1/2"]
[WhiteElo "2110"]
[BlackElo "2238"]
[PlyCount "45"]
[GameId "2160767910096478"]
[EventDate "2009.10.09"]
[EventType "tourn"]
[EventRounds "7"]
[EventCountry "CAN"]

1. d4 Nf6 2. c4 g6 3. Nc3 Bg7 4. e4 d6 5. f3 O-O 6. Be3 Nc6 7. Nge2 a6 8. Qd2 Rb8 9. d5 Ne5 10. Nd4 c5 11. Nc2 Ne8 12. Be2 b5 13. cxb5 axb5 14. Nxb5 Ba6 15. a4 Nc7 16. Nca3 c4 17. O-O Nxb5 18. axb5 Bxb5 19. f4 Nd3 20. Bxd3 cxd3 21. Nxb5 Rxb5 22. Qxd3 Rxb2 23. Rac1 1/2-1/2

[Event "British Columbia ch"]
[Site "Vancouver CAN"]
[Date "2009.10.09"]
[Round "1.3"]
[White "Wu, Howard"]
[Black "Pechisker, Alfred"]
[Result "0-1"]
[WhiteElo "2244"]
[BlackElo "2284"]
[PlyCount "76"]
[GameId "2160767910096479"]
[EventDate "2009.10.09"]
[EventType "tourn"]
[EventRounds "7"]
[EventCountry "CAN"]

1. e4 c5 2. Nf3 d6 3. d4 cxd4 4. Nxd4 Nf6 5. Nc3 a6 6. Bg5 e6 7. f4 Qc7 8. Bxf6 gxf6 9. f5 Nc6 10. fxe6 fxe6 11. Nxc6 bxc6 12. Qf3 Bg7 13. O-O-O O-O 14. Qg3 Rd8 15. Bc4 Ra7 16. Rhf1 d5 17. Qe3 Kh8 18. Bb3 Rb7 19. Na4 Rb4 20. exd5 cxd5 21. Qc5 Qxc5 22. Nxc5 Rb6 23. Kb1 Rc6 24. Ne4 Rf8 25. Ng3 Bh6 26. Nh5 f5 27. g4 fxg4 28. Rxf8+ Bxf8 29. Rd4 Rc7 30. Rxg4 Rf7 31. Rg1 Rf2 32. h3 Bd6 33. c3 Bd7 34. Rg7 Be8 35. Ra7 Bxh5 36. Rxa6 Bg6+ 37. Kc1 Bf4+ 38. Kd1 Bf5 0-1

[Event "British Columbia ch"]
[Site "Vancouver CAN"]
[Date "2009.10.09"]
[Round "1.4"]
[White "Milicevic, Dragoljub"]
[Black "McLaren, Brian"]
[Result "1-0"]
[WhiteElo "2212"]
[BlackElo "2217"]
[PlyCount "75"]
[GameId "2160767910096480"]
[EventDate "2009.10.09"]
[EventType "tourn"]
[EventRounds "7"]
[EventCountry "CAN"]

1. c4 f5 2. d4 Nf6 3. g3 e6 4. Bg2 c6 5. Nf3 d5 6. b3 Bd6 7. O-O Qe7 8. Bb2 O-O 9. e3 Nbd7 10. Ne5 Rd8 11. f4 Ne4 12. Nxd7 Bxd7 13. Nd2 Be8 14. Nxe4 dxe4 15. a3 b5 16. Qc2 c5 17. b4 cxb4 18. c5 Bc7 19. axb4 a5 20. bxa5 Bxa5 21. Rfb1 Bc6 22. Bc3 Bxc3 23. Qxc3 Qd7 24. Bf1 h6 25. h4 Kh7 26. Kf2 Rdb8 27. Be2 Rxa1 28. Rxa1 Kg6 29. Qb4 Kf6 30. Ra6 g5 31. Rb6 Rb7 32. Qb2 Rxb6 33. cxb6 Qd5 34. Qb4 gxh4 35. Qf8+ Kg6 36. gxh4 Qd7 37. Qg8+ Kf6 38. Qh8+ 1-0

[Event "British Columbia ch"]
[Site "Vancouver CAN"]
[Date "2009.10.10"]
[Round "2"]
[White "Yoos, John"]
[Black "McLaren, Brian"]
[Result "1-0"]
[WhiteElo "2438"]
[BlackElo "2217"]
[PlyCount "65"]
[GameId "2160767910096481"]
[EventDate "2009.10.09"]
[EventType "tourn"]
[EventRounds "7"]
[EventCountry "CAN"]
[SourceTitle "EXT 2011"]
[Source "ChessBase"]
[SourceDate "2011.11.26"]
[SourceVersion "1"]
[SourceVersionDate "2011.11.26"]
[SourceQuality "1"]

1. e4 c5 2. Nf3 d6 3. d4 cxd4 4. Nxd4 Nf6 5. Nc3 g6 6. Be3 Bg7 7. f3 Nc6 8. Qd2 O-O 9. Bc4 Bd7 10. O-O-O Rb8 11. Kb1 Nxd4 12. Bxd4 b5 13. Be2 b4 14. Nd5 Nxd5 15. exd5 Qc7 16. Bxg7 Kxg7 17. h4 Qc5 18. h5 Rh8 19. Rh4 a5 20. Rc4 Qb6 21. Bd3 e5 22. dxe6 Bxe6 23. Re4 d5 24. Ree1 Rhe8 25. Rh1 Qd8 26. Qf4 g5 27. h6+ Kg8 28. Qd4 f6 29. f4 Rb7 30. Rde1 Rf7 31. Rhf1 gxf4 32. Rxf4 f5 33. g4 1-0

[Event "British Columbia ch"]
[Site "Vancouver CAN"]
[Date "2009.10.10"]
[Round "2.2"]
[White "Pechisker, Alfred"]
[Black "Milicevic, Dragoljub"]
[Result "0-1"]
[WhiteElo "2284"]
[BlackElo "2212"]
[PlyCount "52"]
[GameId "2160767910096482"]
[EventDate "2009.10.09"]
[EventType "tourn"]
[EventRounds "7"]
[EventCountry "CAN"]

1. d4 d5 2. c4 e6 3. Nf3 f5 4. Bf4 c6 5. Nbd2 Nf6 6. g3 Bd6 7. Bg2 O-O 8. O-O Ne4 9. c5 Bxf4 10. gxf4 Nd7 11. e3 b6 12. Qa4 Nxd2 13. Nxd2 bxc5 14. dxc5 Qc7 15. b4 a5 16. Rfc1 Ra7 17. Nf3 axb4 18. Qxb4 e5 19. fxe5 Nxe5 20. Qb6 Nxf3+ 21. Bxf3 Qd7 22. Rc3 Rb7 23. Qa5 f4 24. e4 dxe4 25. Bxe4 Qg4+ 26. Kf1 f3 0-1

[Event "British Columbia ch"]
[Site "Vancouver CAN"]
[Date "2009.10.10"]
[Round "2.3"]
[White "Davies, Lucas"]
[Black "Wu, Howard"]
[Result "1/2-1/2"]
[WhiteElo "2238"]
[BlackElo "2244"]
[PlyCount "92"]
[GameId "2160767910096483"]
[EventDate "2009.10.09"]
[EventType "tourn"]
[EventRounds "7"]
[EventCountry "CAN"]

1. e4 c5 2. Nc3 Nc6 3. g3 g6 4. Bg2 Bg7 5. d3 e6 6. Be3 Nd4 7. Qd2 d6 8. Nd1 Rb8 9. c3 Nc6 10. Ne2 b5 11. O-O Nge7 12. Bh6 O-O 13. Bxg7 Kxg7 14. Ne3 b4 15. f4 bxc3 16. Qxc3+ e5 17. Rf2 Qa5 18. Nc4 Qc7 19. Raf1 Nd4 20. Nxd4 cxd4 21. Qa3 exf4 22. Rxf4 Be6 23. Nxd6 Nc6 24. Qc5 Qb6 25. Qg5 Qd8 26. Qxd8 Nxd8 27. b3 Nc6 28. Rd1 Nb4 29. Rf2 Rb6 30. Nc4 Ra6 31. Rdd2 Rc6 32. h4 Rc7 33. Kh2 Re8 34. Rf4 Nc6 35. Bh3 h6 36. Bxe6 Rxe6 37. Rf1 Ne5 38. Nxe5 Rxe5 39. Kg2 Rc3 40. g4 a5 41. Kf3 f6 42. Rb1 Rb5 43. Rbb2 h5 44. Rbc2 hxg4+ 45. Kxg4 Rbc5 46. Rxc3 Rxc3 1/2-1/2

[Event "British Columbia ch"]
[Site "Vancouver CAN"]
[Date "2009.10.10"]
[Round "2.4"]
[White "Jiganchine, Roman"]
[Black "Sohal, Tanraj"]
[Result "1/2-1/2"]
[WhiteElo "2251"]
[BlackElo "2110"]
[PlyCount "59"]
[GameId "2160767910096484"]
[EventDate "2009.10.09"]
[EventType "tourn"]
[EventRounds "7"]
[EventCountry "CAN"]

1. e4 c5 2. Nf3 Nc6 3. d4 cxd4 4. Nxd4 Nf6 5. Nc3 e5 6. Ndb5 d6 7. Bg5 a6 8. Na3 Be6 9. Nc4 Rc8 10. Bxf6 gxf6 11. Bd3 Nb4 12. Ne3 Bh6 13. O-O O-O 14. Ned5 Nxd3 15. Qxd3 Kh8 16. a4 Rg8 17. a5 f5 18. exf5 Qg5 19. Ne3 Bc4 20. Qxd6 Bxf1 21. Rxf1 Qg7 22. g3 Bxe3 23. fxe3 Rgd8 24. Qe7 f6 25. Qb4 Qc7 26. Rf2 Qc6 27. e4 Rd4 28. Qe7 Rd7 29. Qb4 Rd4 30. Qe7 1/2-1/2

[Event "British Columbia ch"]
[Site "Vancouver CAN"]
[Date "2009.10.10"]
[Round "3"]
[White "Sohal, Tanraj"]
[Black "Yoos, John"]
[Result "0-1"]
[WhiteElo "2110"]
[BlackElo "2438"]
[PlyCount "102"]
[GameId "2160767910096485"]
[EventDate "2009.10.09"]
[EventType "tourn"]
[EventRounds "7"]
[EventCountry "CAN"]
[SourceTitle "EXT 2011"]
[Source "ChessBase"]
[SourceDate "2011.11.26"]
[SourceVersion "1"]
[SourceVersionDate "2011.11.26"]
[SourceQuality "1"]

1. d4 Nf6 2. c4 e6 3. Nc3 Bb4 4. Qc2 Nc6 5. Nf3 d6 6. Bd2 Qe7 7. a3 Bxc3 8. Bxc3 a5 9. b3 O-O 10. g3 e5 11. d5 Nb8 12. e4 c6 13. Bg2 cxd5 14. cxd5 Qc7 15. Nd2 Bd7 16. O-O Rc8 17. Rac1 Bb5 18. Rfe1 Nbd7 19. Bf1 Bxf1 20. Rxf1 b5 21. Qd3 Qb6 22. Bb2 h6 23. Kg2 Nc5 24. Qe2 b4 25. a4 Qa6 26. Qc4 Qxc4 27. Rxc4 Nd3 28. Rxc8+ Rxc8 29. Ba1 Rc2 30. Rd1 Ng4 31. Nc4 Ngxf2 32. Rd2 Rxd2 33. Nxd2 Kf8 34. Kf3 Nh3 35. Nc4 Nc5 36. Nxd6 f6 37. Nc4 Nxb3 38. Bb2 Nc5 39. Nxa5 Ng5+ 40. Ke3 Ngxe4 41. Nc6 Nd6 42. Kd2 Nc4+ 43. Kc2 Ne3+ 44. Kd2 Nxd5 45. a5 Ke8 46. Nb8 Nb3+ 47. Kd3 Nxa5 48. Ke4 Nc7 49. Kf5 Kf7 50. Nd7 Nc4 51. Bc1 b3 0-1

[Event "British Columbia ch"]
[Site "Vancouver CAN"]
[Date "2009.10.10"]
[Round "3.2"]
[White "Wu, Howard"]
[Black "Jiganchine, Roman"]
[Result "1/2-1/2"]
[WhiteElo "2244"]
[BlackElo "2251"]
[PlyCount "64"]
[GameId "2160767910096486"]
[EventDate "2009.10.09"]
[EventType "tourn"]
[EventRounds "7"]
[EventCountry "CAN"]

1. c4 c6 2. e4 d5 3. exd5 cxd5 4. d4 Nf6 5. Nc3 Nc6 6. Nf3 Bg4 7. cxd5 Nxd5 8. Qb3 Bxf3 9. gxf3 e6 10. Qxb7 Nxd4 11. Bb5+ Nxb5 12. Qxb5+ Qd7 13. Nxd5 exd5 14. Qxd7+ Kxd7 15. O-O Bc5 16. Rd1 Ke6 17. Be3 Rac8 18. Rd3 Bxe3 19. Rxe3+ Kf6 20. Rd1 Rhd8 21. Ra3 Rd7 22. Ra5 Ke6 23. Ra6+ Ke5 24. Kg2 Rc2 25. b3 d4 26. Ra5+ Ke6 27. f4 Rc3 28. Ra4 d3 29. Kf3 Rc2 30. Ke3 Re2+ 31. Kf3 Rc2 32. Ke3 Re2+ 1/2-1/2